Změny v rekvalifikaci.
Od 1. júla 1992 platí zmenená vyhláška Ministerstva práce a sociálnych vecí ČR, ktorá zavádza niektoré podstatné zmeny do oblasti rekvalifikácie. Pojem rekvalifikácie ostáva nezmenený. Nový predpis uvádza organizácie a inštitúcie, ktoré môžu zabezpečovať rekvalifikáciu. Uvedenie podmienok pre to, ab...
Guardado en:
| Autor principal: | |
|---|---|
| Formato: | Capítulo de libro |
| Lenguaje: | checo |
| Materias: | |
| Etiquetas: |
Sin Etiquetas, Sea el primero en etiquetar este registro!
|
MARC
| LEADER | 00000naa a2200000 4500 | ||
|---|---|---|---|
| 001 | r010273 | ||
| 005 | 20220831084607.7 | ||
| 041 | 0 | |a cze | |
| 044 | |a [CS] | ||
| 245 | 1 | 0 | |a Změny v rekvalifikaci. |c L. Jouza |
| 520 | |a Od 1. júla 1992 platí zmenená vyhláška Ministerstva práce a sociálnych vecí ČR, ktorá zavádza niektoré podstatné zmeny do oblasti rekvalifikácie. Pojem rekvalifikácie ostáva nezmenený. Nový predpis uvádza organizácie a inštitúcie, ktoré môžu zabezpečovať rekvalifikáciu. Uvedenie podmienok pre to, aby vzdelávacie zariadenie, alebo súkromná firma mohla prevádzkovať rekvalifikáciu. Možnosť úhrady rekvalifikácie. | ||
| 610 | 2 | 0 | |a rekvalifikácia |
| 610 | 2 | 0 | |a predpisy právne |
| 610 | 2 | 0 | |a Čechy |
| 610 | 2 | 0 | |a zvyšovanie kvalifikácie |
| 610 | 2 | 0 | |a školenie odborné |
| 610 | 2 | 0 | |a úrady práce |
| 100 | 1 | |a Jouza, L. | |